Παιδική λογοτεχνία και ετερότητα : η εικόνα του "άλλου" στην ελληνική παιδική λογοτεχνία ; ή από τον φολκλορικό "εαυτό" στον φολκλορικό "άλλο" ; μια συγκριτική μελέτη

Αποθηκεύτηκε σε:
Λεπτομέρειες βιβλιογραφικής εγγραφής
Κύριος συγγραφέας: Καρασαββίδου, Έλενα
Μορφή: Βιβλίο
Γλώσσα:Greek
Δημοσίευση: Θεσσαλονίκη : Μπαρμπουνάκης, 2020.
Θέματα:
Ετικέτες: Προσθήκη ετικέτας
Δεν υπάρχουν, Καταχωρήστε ετικέτα πρώτοι!

MARC

LEADER 00000nam a2200000 a 4500
001 1/126063
008 230127s2020####gr | ||| |||| ||gre||
020 |a 9789602672914 
040 |a GR-MyUa  |b gre  |c GR-MyUa  |e AACR2 
041 0 |a gre 
082 7 |a 809.89282   |2 (23)  
100 1 |a Καρασαββίδου, Έλενα. 
245 1 0 |a Παιδική λογοτεχνία και ετερότητα :   |b η εικόνα του "άλλου" στην ελληνική παιδική λογοτεχνία ; ή από τον φολκλορικό "εαυτό" στον φολκλορικό "άλλο" ; μια συγκριτική μελέτη /   |c Ελένη Καρασαββίδου.  
260 |a Θεσσαλονίκη :   |b Μπαρμπουνάκης,   |c 2020.  
300 |a 900 σ. :   |b εικ. ;   |c 22 εκ.  
504 |a Βιβλιογραφία : σ. 855-879. 
650 0 |a Children's literature  |x Study and teaching. 
650 0 |a Other (Philosophy) in literature. 
650 0 |a Children's literature, Greek (Modern)  |x History and criticism. 
650 0 |a Multiculturalism. 
852 |a INST  |b RHODES  |c EUDOXUS  |h 809.89282 ΚΑΡ  |p *  |t EDX 
920 |a Εύδοξος  |b Παραγγελία  |y Ρόδος-ΠΤΔΕ  |z 2022-12 
970 |a Σιδερή   |b Νεκταρία   |z 2023-01-27